KFZ-Kennzeichen in Bayern - Statistics

General Stats
  • This quiz has been taken 249 times
  • The average score is 75 of 139
Answer Stats
Stadt / Gemeinde Kennzeichen % Correct
Augsburg A
100%
Bamberg BA
96%
München M
95%
Erlangen ER
90%
Nürnberg N
89%
Regensburg R
89%
Amberg AM
88%
Coburg CO
88%
Ansbach AN
87%
Hof HO
87%
Fürth
86%
Amberg-Sulzbach AS
85%
Ingolstadt IN
83%
Passau PA
83%
Rosenheim RO
83%
Kempten KE
82%
Deggendorf DEG
81%
Aschaffenburg AB
80%
Cham CHA
79%
Lindau (Bodensee) LI
79%
Altötting
78%
Landshut LA
78%
Aichach AIC
76%
Eichstätt EI
76%
Bayreuth BT
75%
Regen REG
75%
Erding ED
73%
Eggenfelden EG
73%
Oberallgäu OA
73%
Würzburg
73%
Alzenau ALZ
72%
Füssen FÜS
72%
Neu-Ulm NU
72%
Ebersberg EBE
71%
Fürstenfeldbruck FFB
70%
Forchheim FO
70%
Dachau DAH
69%
Erlangen-Höchstadt ERH
69%
Freising FS
69%
Berchtesgadener Land BGL
67%
Garmisch-Partenkirchen GAP
67%
Memmingen MM
67%
Rothenburg ob der Tauber ROT
67%
Schwabach SC
67%
Kulmbach KU
65%
Haßfurt HAS
64%
Donauwörth DON
63%
Gunzenhausen GUN
63%
Starnberg STA
63%
Schweinfurt SW
63%
Bad Aibling AIB
62%
Illertissen ILL
62%
Nördlingen
62%
Bad Tölz TÖL
62%
Straubing SR
61%
Kelheim KEH
60%
Landsberg am Lech LL
60%
Miesbach MB
60%
Dingolfing DGF
59%
Grafenau GRA
59%
Mühldorf am Inn
58%
Günzburg GZ
57%
Pegnitz PEG
57%
Lauf an der Pegnitz LAU
56%
Mainburg MAI
54%
Nabburg NAB
54%
Rehau REH
54%
Roding ROD
54%
Lichtenfels LIF
53%
Feuchtwangen FEU
52%
Freyung-Grafenau FRG
52%
Kaufbeuren KF
52%
Miltenberg MIL
52%
Neumarkt in der Oberpfalz NM
52%
Roth RH
52%
Wunsiedel WUN
52%
Krumbach (Schwaben) KRU
51%
Kitzingen KT
51%
Pfaffenhofen an der Ilm PAF
51%
Selb SEL
51%
Ostallgäu OAL
50%
Ebern EBN
49%
Kemnath KEM
49%
Ochsenfurt OCH
49%
Traunstein TS
49%
Hilpoltstein HIP
48%
Ebermannstadt EBS
46%
Uffenheim UFF
46%
Main-Spessart MSP
45%
Kötzting KÖZ
44%
Neustadt an der Aisch NEA
44%
Parsberg PAR
44%
Neuburg an der Donau ND
43%
Neustadt an der Waldnaab NEW
43%
Weilheim in Oberbayern WM
43%
Dinkelsbühl DKB
42%
Wertingen WER
42%
Hersbruck HEB
41%
Tirschenreuth TIR
41%
Hammelburg HAB
39%
Dillingen an der Donau DLG
38%
Kronach KC
38%
Bad Neustadt an der Saale NES
38%
Eschenbach in der Oberpfalz ESB
37%
Friedberg FDB
36%
Riedenburg RID
36%
Vilsbiburg VIB
36%
Hofheim in Unterfranken HOH
35%
Bad Kissingen KG
35%
Bad Königshofen im Grabfeld KÖN
35%
Mindelheim MN
35%
Bad Griesbach im Rottal GRI
34%
Vohenstrauß VOH
34%
Burglengenfeld BUL
32%
Schwandorf SAD
31%
Weiden in der Oberpfalz WEN
31%
Bayerischer Landtag BYL
30%
Marktoberdorf MOD
30%
Neustadt bei Coburg NEC
29%
Marktredwitz MAK
28%
Rottenburg an der Laaber ROL
28%
Pfarrkirchen PAN
27%
Schongau SOG
27%
Wasserburg am Inn WS
27%
Gerolzhofen GEO
25%
Münchberg MÜB
25%
Bad Brückenau BRK
23%
Sulzbach-Rosenberg SUL
23%
Weißenburg in Bayern WUG
23%
Schrobenhausen SOB
21%
Wolfratshausen WOR
20%
Wolfstein WOS
20%
Oberviechtach OVI
19%
Scheinfeld SEF
18%
Neunburg vorm Wald NEN
15%
Waldmünchen WÜM
12%
Bad Staffelstein STE
11%
Mellrichstadt MET
9%
Stadtsteinach SAN
9%
No matching quizzes found
Score Distribution
Percent of People with Each Score
Percentile by Number Answered
Your Score History
You have not taken this quiz